JJT - Statistics

General Stats
  • This quiz has been taken 20 times
  • The average score is 161 of 424
Answer Stats
Answer % Correct
The First Difficulty
88%
A
75%
Easy
75%
The Lower Gap
75%
Effortless
63%
Medium
63%
Playful
63%
ADND
50%
Aesthetic
50%
Astronomical
50%
Automatic
50%
Automatic Joyful
50%
Blessing
50%
Cakewalk
50%
Climb A Truss
50%
Coasterifying
50%
Delightful
50%
D-E-L-T-A
50%
Do Nothing
50%
Do Something
50%
Effortlessless
50%
Exist
50%
Facile
50%
Flowerness
50%
Friendliness
50%
Frivolous
50%
Glee
50%
Gravel
50%
Happylike
50%
Hard
50%
HELL
50%
Hellish Encore
50%
Ifinity
50%
Infinitude
50%
Infinity
50%
Instant Win
50%
Joyful
50%
Jumpless
50%
Just Air
50%
Locomotion
50%
Lovely
50%
Magnificent
50%
Millisecondless
50%
Neat
50%
Negativity
50%
No
50%
Normal
50%
Peaceful
50%
Pi
50%
Piece o' Cake
50%
Placid
50%
Playground
50%
Pleasant
50%
Press A Key
50%
Relax
50%
Restful
50%
Reversed
50%
Reversed Peripherality
50%
Shattered Babass
50%
Simple
50%
Skip
50%
Sleepful
50%
Spontaneous
50%
Starter
50%
Sugary
50%
Supreme
50%
Sweet
50%
Switch
50%
Tap to Move
50%
The Final Difficulty
50%
The Middleline
50%
Theta-Void
50%
TooEasy
50%
Tranquil
50%
True Ease
50%
Tutorial
50%
Ultimaniac
50%
Unimpossible
50%
Unlosable
50%
Vibeness
50%
Vintage
50%
Walk A Slope
50%
Walkthrough
50%
WHY
50%
Win
50%
Winsome
50%
Xi-Alpha
50%
y
50%
4th Dimension
38%
Abjunctive
38%
Abolished
38%
Absolutism
38%
Absurd
38%
Abyssal
38%
Acceptance
38%
Aerodynamix
38%
Afflictive
38%
Agony
38%
Aleph
38%
Aleph-Aleph-Null
38%
Aleph-Eternity
38%
Aleph-Null
38%
Aleph-Something
38%
Aleph-Virus
38%
Aleph-VSC
38%
Amalgam
38%
Anguish
38%
Apocalyptic
38%
Arcane
38%
Arcanite
38%
Are You Done Yet?
38%
Autism
38%
Average Babass
38%
Bad Request
38%
Beyond
38%
Beyond Infinite
38%
BobuxDeath
38%
Broken
38%
Bryanjr4474
38%
Building
38%
C0RrUpT
38%
CALAMITY
38%
Calmness
38%
Catastrophic
38%
Catch
38%
Caught
38%
Challenging
38%
Champion's Road
38%
CHAOS
38%
CHAOS XD
38%
Classical
38%
COMMUNISM
38%
Complete: Obstacles
38%
Complete: Users
38%
Conclusion
38%
Conflicting
38%
Confusion
38%
Couch
38%
Craziness
38%
Critical
38%
DEATH
38%
DEATHfinite
38%
DeathWrath
38%
Deception
38%
DELETE
38%
Denial
38%
Deranged
38%
Destrall
38%
Destroiny
38%
Destructive
38%
Detroit
38%
Devastating
38%
Devastational
38%
D-I-E
38%
Difficult
38%
Difficultypedia
38%
Dilly Impossible
38%
Dimension
38%
Disarray
38%
Dissension
38%
Dissonant
38%
Does Not Compute
38%
Doggo
38%
Dolorem Aeterna
38%
Doog
38%
Dreadful.exe
38%
Dullard
38%
DYNAMICDUO
38%
Dynamix
38%
Eccentric
38%
Effortful
38%
Eldritch
38%
El Vacio
38%
Enclosed
38%
Enigmatic
38%
Epitome
38%
eRRoR
38%
Error.exe
38%
Errorisation
38%
Errosion
38%
Eshinion
38%
Esoteric
38%
Eternal
38%
Eternal Outrage
38%
Eternified Partyness
38%
Evolutionary
38%
Exploitist Elite
38%
Extreme
38%
FalseGanar
38%
Fatal Error
38%
Free-smiley.de
38%
Gameifying
38%
Ghastly
38%
Gigaversal
38%
Godlike
38%
Greyness
38%
Hallucinogenic
38%
Hardest In The Room
38%
Heat
38%
Hellacious
38%
Hellicious
38%
HELLWRATH
38%
Hopeless
38%
Horrendous
38%
Horrific
38%
Horrifying
38%
HYPER
38%
Hyperviolent
38%
Illegal
38%
ILOVEYOU
38%
Immeasurable
38%
IMPOSSIBLE.EXE
38%
Inexplicable
38%
Inimical
38%
Insane
38%
Intense
38%
Intermediate
38%
Invigorating
38%
Irritating
38%
Jank
38%
Jesus Ballin'
38%
Killjoying
38%
KLJY
38%
Libet's Delay
38%
Limiting
38%
Literal
38%
LOOP
38%
Madness
38%
Malevolent
38%
Malicious
38%
Mania
38%
Maniacal
38%
Maximum Overdrive
38%
MCrazy
38%
MegaDeath
38%
Microwave
38%
Mischievous
38%
Misery
38%
Missing
38%
Monstrous
38%
Mortifying
38%
MOVE
38%
Mysterious
38%
Mystical
38%
Namibia
38%
Neutralize
38%
Nightfall
38%
Nightmare
38%
nil
38%
Noarticletext
38%
Nought
38%
Noxious
38%
Nullifying
38%
Oblivion
38%
Obscene
38%
Obstructed
38%
Oh Noez!
38%
Omega
38%
OmniOmega
38%
Omnipotent
38%
Omnipresent
38%
Omniscient
38%
Penultimate
38%
Petrifying
38%
Phi
38%
Pinnacle
38%
P.O.S.S.I.B.L.E
38%
Psychomania
38%
Purgatory
38%
QR Code
38%
QUANTUM
38%
Questioning Insanity
38%
Reality
38%
REEE... !!!
38%
Relentless
38%
Remorseless
38%
Rewardable
38%
Riftial
38%
RoorHELL
38%
RoorOMEGA
38%
RoorXD
38%
Rush
38%
Sacrificingly Impossible
38%
Sakupen
38%
Satan Tartarus Lucifer Void
38%
Severe
38%
Shocking
38%
Shoving
38%
Simply Beyond
38%
Stardark
38%
Strenuous
38%
SUFFER
38%
Supermundane
38%
Supreme-Null
38%
System Error
38%
TARTARUS
38%
Teardrop
38%
Terrifying
38%
Textify
38%
Thanos
38%
The Black Hole
38%
THE BORDERLINE
38%
The Crystal Core
38%
THE CURSED DIFFICULTY
38%
The Heart of Void
38%
The Human Limit
38%
Theoretical
38%
There Is No Difficulty
38%
The Upper Gap
38%
TITANICAL
38%
Tomfoolery
38%
TON 618
38%
TooAbnormal
38%
TooMedium
38%
TooPrecise
38%
TooTooHard
38%
Transcendence
38%
Transfinite
38%
Treacherous
38%
Trickery
38%
Tricky
38%
True Obama Prism
38%
Turmoil
38%
U DED SON
38%
Ultimate
38%
Ultra
38%
Ultra Instinct
38%
Under Construction
38%
Undocumented
38%
Unhappy Slamo
38%
Unimaginable
38%
Universal Destruction
38%
Universal Glitch
38%
Universe Disruption
38%
Unknown
38%
Unorganized Reality
38%
Unreal
38%
Unreasonable
38%
UNTHINKABLE
38%
Uproarious
38%
Victor
38%
Vigorous
38%
Viratical
38%
Vortex
38%
Vrery hawrfd rdifficutl!!
38%
Winter
38%
Y E E T U S
38%
Zany
38%
Zerstorung
38%
11th Dimension
25%
3rd Dimension
25%
53?
25%
5th Dimension
25%
Absolute
25%
ABSOLUTE INFINITY
25%
ABSOLUTELY UNPOSSIBLE
25%
Aleph-Math
25%
Aleph-TS
25%
Aleph-Void
25%
Artificial
25%
Audiolizer
25%
Brutal Calamity
25%
Cataclysm
25%
Choice
25%
Collaborative Chaos
25%
Colossal
25%
Complete: Discord
25%
Cryptic
25%
Culmination
25%
DEADLY TUBULAR DEATH
25%
Deterioration
25%
Divinity
25%
DOC
25%
Empyrean
25%
Endless
25%
Everdark
25%
Eviscerating
25%
Exigent
25%
Fearfulness
25%
Felix The AA
25%
Gar-HELL
25%
Inconceivable
25%
It's Just A Burning Memory
25%
IT TRANSCENDS ALL
25%
Just Difficulties And Towers
25%
Kenos
25%
Liminal
25%
Mythic
25%
Newarticletext
25%
Oh Rizz!
25%
OneSection
25%
Ostalute
25%
Patterns
25%
Plum Bloc
25%
Prevalition
25%
Primal Babass
25%
Psychosomatic
25%
Psychotic Hell
25%
RGB
25%
Rubik's Cube
25%
Sanjay2133
25%
Silent
25%
Speedrun
25%
Spinning Skull
25%
Splitting
25%
Starglass
25%
Sunt Vera Ultima
25%
The Crystal HELL
25%
THE GREAT TRANASANIC COMBINATION
25%
Transmaximal
25%
True Hell
25%
Uber
25%
Unboundable
25%
Uncomputable
25%
Undefinable
25%
Unfathomability
25%
Ungraspable
25%
FRoI
13%
Nonexistant
13%
TADI
13%
Imperative
0%
Incovenience
0%
Indescernible
0%
Unforgiving Destruction
0%
No matching quizzes found
Score Distribution
Percent of People with Each Score
Percentile by Number Answered
Your Score History
You have not taken this quiz